| 000 | 00390nam a2200133Ia 4500 | ||
|---|---|---|---|
| 008 | 231217s9999 xx 000 0 und d | ||
| 041 | _aEnglish | ||
| 082 | _a004.35 CUL | ||
| 100 | _aCuller, David ESingh, Jaswinder Pal | ||
| 245 | 0 | _aParallel computer architecture : a hardware/software approach | |
| 260 | _cNULL | ||
| 650 | _acomputer,architecture,:,hardware/software | ||
| 942 | _cAA | ||
| 999 |
_c172958 _d172958 |
||